[Event "28th CRO-chT 1A-Men 2019"]
[Site "Mali Losinj"]
[Date "2019.10.05"]
[Round "8.1"]
[White "Inarkiev, Ernesto"]
[Black "Lysyj, Igor"]
[Result "1/2-1/2"]
[WhiteElo "2693"]
[BlackElo "2596"]
[Annotator "TA"]
[PlyCount "65"]
[EventDate "2019.09.28"]
[EventType "team-tourn"]
[EventCountry "CRO"]
[SourceTitle "playchess.com"]
[Source "ChessBase"]
[SourceQuality "1"]

{[%evp 18,65,29,22,27,14,17,0,0,0,0,0,0,0,5,10,7,5,4,12,12,13,16,17,13,0,0,0,0,0,0,0,0,0,0,0,0,0,0,0,0,0,0,0,0,0,0,0,0,0]} 1. d4 Nf6 2. c4 e6 3. Nc3 Bb4 4. f3 d5 5. a3 Bxc3+ 6. bxc3 c5 7. cxd5 Nxd5 8. dxc5 Qa5 9. e4 Nf6 10. Be3 O-O {E25: Nimzo-Indian: Sämisch: 5...c5 6 f3 d5 7 cxd5} 11. Kf2 Nfd7 {The position is equal.} 12. Rb1 Rd8 13. Qb3 (13. Rb5 Qxa3 14. Ne2 a6 15. Rb4 Qa5 16. Rd4 Nc6 17. Rd6 Nxc5 18. Rxd8+ Nxd8 {½-½ (26) Yu,Y (2753)-Ponomariov,R (2699) Danzhou 2017}) 13... Qc7 14. Rd1 Rf8 15. Qc4 Na6 16. Qd4 {Threatens to win with Bxa6.} Naxc5 17. Bb5 b6 18. Qd6 Qxd6 19. Rxd6 Ne5 20. Bxc5 bxc5 21. Ne2 a6 22. Bd3 Rb8 23. Rd1 $146 g5 24. Bxa6 Ra8 25. Bxc8 Rfxc8 26. Ra1 Ra4 27. Rb6 Rca8 28. Rb5 Rxa3 29. Rxa3 Rxa3 30. Ke3 Nc4+ 31. Kf2 Ne5 32. Ke3 Nc4+ 33. Kf2 {Accuracy: White = 88%, Black = 93%.} 1/2-1/2

[Event "28th CRO-chT 1A-Men 2019"]
[Site "Mali Losinj"]
[Date "2019.10.05"]
[Round "8.2"]
[White "Hracek, Zbynek"]
[Black "Dreev, Aleksey"]
[Result "1/2-1/2"]
[WhiteElo "2555"]
[BlackElo "2662"]
[Annotator "ChessBase"]
[PlyCount "39"]
[EventDate "2019.09.28"]
[EventType "team-tourn"]
[EventCountry "CRO"]
[SourceTitle "playchess.com"]
[Source "ChessBase"]
[SourceQuality "1"]
[TimeControl "40/5400+30:1800+30"]

1. e4 {[%emt 0:00:30]} c6 {[%emt 0:01:30]} 2. d4 {[%emt 0:00:00]} d5 {[%emt 0:00:30]} 3. Nc3 {[%emt 0:00:00]} dxe4 {[%emt 0:00:30]} 4. Nxe4 {[%emt 0:00:30]} Bf5 {[%emt 0:00:00]} 5. Ng3 {[%emt 0:00:00]} Bg6 {[%emt 0:00:00]} 6. Nf3 {[%emt 0:01:00]} e6 {[%emt 0:01:30]} 7. Bd3 {[%emt 0:02:30]} Bxd3 {[%emt 0:03:30]} 8. Qxd3 {[%emt 0:01:30]} Nf6 {[%emt 0:00:00]} 9. O-O {[%emt 0:00:30]} Bd6 {[%emt 0:00:00]} 10. b3 {[%emt 0:06:30]} Nbd7 {[%emt 0:03:30]} 11. Bb2 {[%emt 0:00:30]} Qc7 {[%emt 0:00:30]} 12. c4 {[%emt 0:06:30]} O-O {[%emt 0:01:30]} 13. Ne4 {[%emt 0:04:30]} Nxe4 {[%emt 0:00:30]} 14. Qxe4 {[%emt 0:00:30]} Nf6 {[%emt 0:00:30]} 15. Qc2 {[%emt 0:00:30]} Rad8 {[%emt 0:01:30]} 16. Rad1 {[%emt 0:00:30]} Rfe8 {[%emt 0:00:30]} 17. Rfe1 {[%emt 0:01:30]} Be7 {[%emt 0:02:30]} 18. g3 {[%emt 0:03:30]} a6 {[%emt 0:01:30]} 19. Ne5 {[%emt 0:07:30]} c5 {[%emt 0:01:30]} 20. dxc5 {[%emt 0:04:30]} 1/2-1/2

[Event "28th CRO-chT 1A-Men 2019"]
[Site "Mali Losinj"]
[Date "2019.10.05"]
[Round "8.3"]
[White "Lalic, Bogdan"]
[Black "Leventic, Ivan"]
[Result "1/2-1/2"]
[WhiteElo "2419"]
[BlackElo "2388"]
[Annotator "ChessBase"]
[PlyCount "31"]
[EventDate "2019.09.28"]
[EventType "team-tourn"]
[EventCountry "CRO"]
[SourceTitle "playchess.com"]
[Source "ChessBase"]
[SourceQuality "1"]
[TimeControl "40/5400+30:1800+30"]

1. d4 {[%emt 0:05:30]} Nf6 {[%emt 0:00:30]} 2. Nf3 {[%emt 0:00:00]} e6 {[%emt 0:00:30]} 3. g3 {[%emt 0:00:00]} c5 {[%emt 0:01:30]} 4. Bg2 {[%emt 0:00:00]} Nc6 {[%emt 0:01:30]} 5. O-O {[%emt 0:00:00]} cxd4 {[%emt 0:01:30]} 6. Nxd4 {[%emt 0:00:30]} Qb6 {[%emt 0:00:30]} 7. Nb3 {[%emt 0:00:00]} d5 {[%emt 0:00:30]} 8. Be3 {[%emt 0:00:00]} Qa6 {[%emt 0:08:30]} 9. a4 {[%emt 0:03:30]} Na5 {[%emt 0:03:30]} 10. N1d2 {[%emt 0:11:30]} Nxb3 {[%emt 0:05:30]} 11. Nxb3 {[%emt 0:00:30]} Be7 {[%emt 0:01:30]} 12. Qd3 {[%emt 0:01:30]} Qxd3 {[%emt 0:10:30]} 13. cxd3 {[%emt 0:00:00]} Bd6 {[%emt 0:02:30]} 14. Rfc1 {[%emt 0:01:00]} Ke7 {[%emt 0:00:30]} 15. Na5 {[%emt 0:08:30]} Rd8 {[%emt 0:01:30]} 16. Bd2 {[%emt 0:06:30]} 1/2-1/2

[Event "28th CRO-chT 1A-Men 2019"]
[Site "Mali Losinj"]
[Date "2019.10.05"]
[Round "8.4"]
[White "Zivkovic, Vjekoslav"]
[Black "Loncar, Robert"]
[Result "1/2-1/2"]
[WhiteElo "2362"]
[BlackElo "2406"]
[Annotator "ChessBase"]
[PlyCount "40"]
[EventDate "2019.09.28"]
[EventType "team-tourn"]
[EventCountry "CRO"]
[SourceTitle "playchess.com"]
[Source "ChessBase"]
[SourceQuality "1"]
[TimeControl "40/5400+30:1800+30"]

1. e4 {[%emt 0:00:30]} e5 {[%emt 0:16:30]} 2. Nf3 {[%emt 0:00:00]} Nc6 {[%emt 0:00:30]} 3. Bb5 {[%emt 0:00:00]} a6 {[%emt 0:00:30]} 4. Ba4 {[%emt 0:00:30]} Nf6 {[%emt 0:00:30]} 5. O-O {[%emt 0:12:30]} Be7 {[%emt 0:01:30]} 6. Re1 {[%emt 0:04:30]} b5 {[%emt 0:00:30]} 7. Bb3 {[%emt 0:00:00]} d6 {[%emt 0:00:30]} 8. c3 {[%emt 0:00:00]} O-O {[%emt 0:00:30]} 9. h3 {[%emt 0:00:30]} Nb8 {[%emt 0:03:30]} 10. d4 {[%emt 0:07:30]} Nbd7 {[%emt 0:03:30]} 11. Nbd2 {[%emt 0:00:30]} Bb7 {[%emt 0:00:30]} 12. Bc2 {[%emt 0:03:30]} Re8 {[%emt 0:07:30]} 13. Nf1 {[%emt 0:00:30]} Bf8 {[%emt 0:00:30]} 14. Ng3 {[%emt 0:00:30]} g6 {[%emt 0:00:00]} 15. a4 {[%emt 0:03:30]} c5 {[%emt 0:01:00]} 16. d5 {[%emt 0:01:30]} c4 {[%emt 0:00:30]} 17. Be3 {[%emt 0:03:30]} Nc5 {[%emt 0:04:30]} 18. Qe2 {[%emt 0:01:30]} Nfd7 {[%emt 0:00:30]} 19. Nd2 {[%emt 0:00:30]} Qc7 {[%emt 0:00:00]} 20. Ngf1 {[%emt 0:00:30]} Bg7 {[%emt 0:01:00]} 1/2-1/2

[Event "28th CRO-chT 1A-Men 2019"]
[Site "Mali Losinj"]
[Date "2019.10.05"]
[Round "8.5"]
[White "Sale, Srdjan"]
[Black "Mrkonjic, Nenad"]
[Result "1-0"]
[WhiteElo "2412"]
[BlackElo "2347"]
[Annotator "ChessBase"]
[PlyCount "81"]
[EventDate "2019.09.28"]
[EventType "team-tourn"]
[EventCountry "CRO"]
[SourceTitle "playchess.com"]
[Source "ChessBase"]
[SourceQuality "1"]
[TimeControl "40/5400+30:1800+30"]

1. f4 {[%emt 0:04:30]} d5 {[%emt 0:00:30]} 2. Nf3 {[%emt 0:00:30]} g6 {[%emt 0:00:30]} 3. g3 {[%emt 0:00:00]} Bg7 {[%emt 0:01:30]} 4. Bg2 {[%emt 0:00:00]} e6 {[%emt 0:05:30]} 5. O-O {[%emt 0:01:30]} b5 {[%emt 0:00:30]} 6. d3 {[%emt 0:01:30]} Ne7 {[%emt 0:00:30]} 7. Qe1 {[%emt 0:04:30]} a5 {[%emt 0:04:30]} 8. e4 {[%emt 0:00:30]} O-O {[%emt 0:01:30]} 9. e5 {[%emt 0:11:30]} c5 {[%emt 0:00:30]} 10. Be3 {[%emt 0:06:30]} Qc7 {[%emt 0:07:30]} 11. Nbd2 {[%emt 0:06:30]} Ba6 {[%emt 0:00:30]} 12. Nb3 {[%emt 0:05:30]} d4 {[%emt 0:15:30]} 13. Bf2 {[%emt 0:01:30]} a4 {[%emt 0:00:30]} 14. Nxc5 {[%emt 0:05:30]} Qxc5 {[%emt 0:05:30]} 15. Nxd4 {[%emt 0:00:30]} Nd7 {[%emt 0:04:30]} 16. Nxe6 {[%emt 0:08:30]} Qc8 {[%emt 0:06:30]} 17. Nxf8 {[%emt 0:03:30]} Nxf8 {[%emt 0:00:00]} 18. Qb4 {[%emt 0:03:30]} Nc6 {[%emt 0:05:00]} 19. Qc5 {[%emt 0:01:30]} Nd8 {[%emt 0:00:30]} 20. Rac1 {[%emt 0:03:30]} Nfe6 {[%emt 0:03:30]} 21. Qxc8 {[%emt 0:01:30]} Rxc8 {[%emt 0:00:30]} 22. d4 {[%emt 0:00:30]} Bf8 {[%emt 0:00:30]} 23. d5 {[%emt 0:00:30]} Ng7 {[%emt 0:00:30]} 24. Rfd1 {[%emt 0:02:30]} Bc5 {[%emt 0:04:30]} 25. Bxc5 {[%emt 0:04:30]} Rxc5 {[%emt 0:00:30]} 26. Kf2 {[%emt 0:00:30]} Kf8 {[%emt 0:00:30]} 27. a3 {[%emt 0:02:30]} Nb7 {[%emt 0:04:30]} 28. d6 {[%emt 0:04:00]} Nd8 {[%emt 0:05:30]} 29. Rd5 {[%emt 0:01:28]} Rc6 {[%emt 0:01:30]} 30. Bf1 {[%emt 0:02:32]} Rb6 {[%emt 0:00:30]} 31. b3 {[%emt 0:01:29]} axb3 {[%emt 0:00:30]} 32. cxb3 {[%emt 0:00:09]} Nge6 {[%emt 0:00:00]} 33. b4 {[%emt 0:03:10]} Ke8 {[%emt 0:02:00]} 34. Ke3 {[%emt 0:00:58]} Kd7 {[%emt 0:00:30]} 35. g4 {[%emt 0:03:36]} g5 {[%emt 0:06:18]} 36. f5 {[%emt 0:00:15]} Nf4 {[%emt 0:00:21]} 37. Rc7+ {[%emt 0:01:30]} Ke8 {[%emt 0:00:06]} 38. Rdc5 {[%emt 0:02:19]} h6 {[%emt 0:11:23]} 39. Ra7 {[%emt 0:00:42]} Bb7 {[%emt 0:01:32]} 40. Rxb5 {[%emt 0:00:00]} Ra6 {[%emt 0:00:00]} 41. Rbxb7 {[%emt 0:04:52]} 1-0

[Event "28th CRO-chT 1A-Men 2019"]
[Site "Mali Losinj"]
[Date "2019.10.05"]
[Round "8.6"]
[White "Feletar, Darko"]
[Black "Medak, Bojan"]
[Result "1/2-1/2"]
[WhiteElo "2356"]
[BlackElo "2351"]
[Annotator "ChessBase"]
[PlyCount "23"]
[EventDate "2019.09.28"]
[EventType "team-tourn"]
[EventCountry "CRO"]
[SourceTitle "playchess.com"]
[Source "ChessBase"]
[SourceQuality "1"]
[TimeControl "40/5400+30:1800+30"]

1. d4 {[%emt 0:04:30]} d6 {[%emt 0:01:30]} 2. e4 {[%emt 0:00:30]} Nf6 {[%emt 0:01:30]} 3. Nc3 {[%emt 0:00:30]} g6 {[%emt 0:00:00]} 4. Nf3 {[%emt 0:00:30]} Bg7 {[%emt 0:00:00]} 5. h3 {[%emt 0:01:30]} O-O {[%emt 0:01:30]} 6. Be3 {[%emt 0:00:30]} c6 {[%emt 0:02:30]} 7. a4 {[%emt 0:01:30]} Nbd7 {[%emt 0:01:30]} 8. Be2 {[%emt 0:09:30]} e5 {[%emt 0:01:30]} 9. dxe5 {[%emt 0:02:30]} dxe5 {[%emt 0:00:30]} 10. O-O {[%emt 0:05:30]} Qe7 {[%emt 0:07:30]} 11. Nd2 {[%emt 0:04:30]} Nc5 {[%emt 0:07:30]} 12. Bc4 {[%emt 0:05:30]} 1/2-1/2

[Event "28th CRO-chT 1A-Men 2019"]
[Site "Mali Losinj"]
[Date "2019.10.05"]
[Round "8.7"]
[White "Fedorchuk, Sergey A."]
[Black "Tomashevsky, Evgeny"]
[Result "1/2-1/2"]
[WhiteElo "2619"]
[BlackElo "2718"]
[Annotator "TA"]
[PlyCount "35"]
[EventDate "2019.09.28"]
[EventType "team-tourn"]
[EventCountry "CRO"]
[SourceTitle "playchess.com"]
[Source "ChessBase"]
[SourceQuality "1"]

{[%evp 18,26,15,15,19,14,14,18,22,21,14]} 1. e4 e5 2. Nf3 Nc6 3. Bb5 Nf6 4. O-O Nxe4 5. Re1 Nd6 6. Nxe5 Be7 7. Bf1 Nxe5 8. Rxe5 O-O 9. d4 Bf6 10. Re1 {The position is equal.} Re8 {C67: Ruy Lopez: Berlin Defence: 4 0-0 Nxe4} 11. Bf4 Rxe1 12. Qxe1 Ne8 13. c3 d5 {[#]} {Predecessor:} 14. Nd2 $146 g6 15. Nf3 Ng7 16. Qd2 Ne6 17. Bh6 Bg7 18. Re1 {½-½ (30) Aronian,L (2752)-Anand,V (2767) Stavanger 2019} 1/2-1/2

[Event "28th CRO-chT 1A-Men 2019"]
[Site "Mali Losinj"]
[Date "2019.10.05"]
[Round "8.8"]
[White "Saric, Ivan"]
[Black "Livaic, Leon"]
[Result "1-0"]
[WhiteElo "2667"]
[BlackElo "2495"]
[Annotator "TA"]
[PlyCount "89"]
[EventDate "2019.09.28"]
[EventType "team-tourn"]
[EventCountry "CRO"]
[SourceTitle "playchess.com"]
[Source "ChessBase"]
[SourceQuality "1"]

{[%evp 10,89,-2,-9,-22,-11,28,35,30,20,17,7,12,10,0,8,62,75,65,62,52,23,40,25,43,30,36,37,36,32,23,20,20,26,66,21,20,22,26,23,23,23,25,20,33,27,29,8,8,8,8,8,47,29,140,141,153,153,153,153,176,153,165,143,308,314,309,291,940,837,968,672,1704,1418,7361,5907,5341,2883,11079,5057,5057,5057]} 1. c4 b6 2. Nc3 Bb7 3. e4 e5 4. Nf3 Nc6 5. d4 exd4 6. Nxd4 Bb4 {A10: English Opening: Unusual Replies for Black} 7. Nde2 Nge7 $146 (7... f5 {looks sharper.} 8. exf5 Qe7 9. Be3 Nf6 10. a3 Bc5) ({Predecessor:} 7... Qf6 8. a3 Bc5 9. Bf4 Nge7 10. f3 O-O-O 11. Qd2 Ne5 12. Bxe5 Qxe5 13. b4 Bd6 14. f4 {0-1 (29) Galic,I (2400)-Saric,A (2575) Sibenik 2015}) 8. a3 Bxc3+ {White is slightly better.} 9. Nxc3 O-O 10. f4 f5 {Hoping for ...fxe4.} 11. e5 d6 12. exd6 $1 Qxd6 (12... Nc8 $11) 13. Qxd6 $14 cxd6 14. Be3 $1 Rac8 15. Rc1 Ba6 16. b4 {[%cal Bb2b4,Bb4b5][%mdl 32]} Nb8 {[%cal Bc6b8,Bb8d7,Bd7f6][%mdl 32]} 17. b5 Bb7 18. Kf2 Nd7 19. Be2 Nf6 20. h3 d5 21. Rhd1 Rfd8 22. Bd4 (22. Bf3 {with more complications.} Kf7 23. Ne2 Ne4+ 24. Bxe4 dxe4 25. Rxd8 Rxd8 26. a4) 22... dxc4 23. Bxf6 gxf6 24. Rxd8+ Rxd8 25. Bxc4+ Kf8 26. Ne2 Rc8 27. Rc3 Ke8 28. Be6 Rxc3 29. Nxc3 $11 {[%mdl 4096] Endgame KBN-KBN} Kd8 30. Ne2 Kc7 31. Ng3 Kd6 (31... Bc8 $1 $11 {keeps the balance.} 32. Bxc8 Kxc8) 32. Bxf5 $16 Nxf5 33. Nxf5+ {KB-KN} Kc5 34. g4 $1 Bd5 35. Ne7 Bc4 {[#]} 36. Ke3 $1 Kxb5 $2 (36... Be6 $16 37. Ke4 Kd6 38. Nf5+ Kd7) 37. Kd4 $18 Bf7 {[#]} 38. Nc8 $1 {[%cal Rc8d6] Nd6+ is the strong threat.} Ka4 $2 (38... Kc6 39. Nxa7+ Kd7) 39. Nxa7 {White is clearly winning.} Be6 40. f5 Bd7 41. Kd5 Kxa3 42. Kd6 Ba4 43. Ke7 b5 {[#]} 44. Nxb5+ $1 {[%mdl 512]} Bxb5 45. Kxf6 {Accuracy: White = 77%, Black = 34%.} 1-0

[Event "28th CRO-chT 1A-Men 2019"]
[Site "Mali Losinj"]
[Date "2019.10.05"]
[Round "8.9"]
[White "Blazeka, Matej"]
[Black "Markus, Robert"]
[Result "0-1"]
[WhiteElo "2385"]
[BlackElo "2599"]
[Annotator "ChessBase"]
[PlyCount "98"]
[EventDate "2019.09.28"]
[EventType "team-tourn"]
[EventCountry "CRO"]
[SourceTitle "playchess.com"]
[Source "ChessBase"]
[SourceQuality "1"]
[TimeControl "40/5400+30:1800+30"]

1. d4 {[%emt 0:00:30]} Nf6 {[%emt 0:00:30]} 2. c4 {[%emt 0:00:00]} c5 {[%emt 0:02:30]} 3. d5 {[%emt 0:02:00]} e5 {[%emt 0:00:30]} 4. Nc3 {[%emt 0:01:30]} d6 {[%emt 0:00:30]} 5. e4 {[%emt 0:01:30]} Nbd7 {[%emt 0:00:00]} 6. Be2 {[%emt 0:04:30]} a6 {[%emt 0:04:00]} 7. Nf3 {[%emt 0:01:30]} Be7 {[%emt 0:00:30]} 8. O-O {[%emt 0:01:30]} Nf8 {[%emt 0:06:30]} 9. a3 {[%emt 0:07:30]} Ng6 {[%emt 0:00:30]} 10. b4 {[%emt 0:00:30]} b6 {[%emt 0:00:30]} 11. bxc5 {[%emt 0:03:30]} bxc5 {[%emt 0:00:30]} 12. Qc2 {[%emt 0:00:30]} O-O {[%emt 0:02:30]} 13. Rb1 {[%emt 0:01:30]} Bd7 {[%emt 0:03:30]} 14. Re1 {[%emt 0:10:30]} Qc8 {[%emt 0:08:30]} 15. Bd1 {[%emt 0:02:30]} Bd8 {[%emt 0:01:30]} 16. Bd2 {[%emt 0:06:30]} Ba5 {[%emt 0:07:30]} 17. Na4 {[%emt 0:04:30]} Qc7 {[%emt 0:00:30]} 18. Bxa5 {[%emt 0:07:30]} Qxa5 {[%emt 0:01:30]} 19. Qc3 {[%emt 0:00:00]} Qc7 {[%emt 0:02:30]} 20. Nb6 {[%emt 0:07:00]} Rab8 {[%emt 0:01:30]} 21. Nxd7 {[%emt 0:00:30]} Qxd7 {[%emt 0:00:30]} 22. Rxb8 {[%emt 0:04:30]} Rxb8 {[%emt 0:00:30]} 23. Nd2 {[%emt 0:01:30]} h5 {[%emt 0:03:30]} 24. g3 {[%emt 0:04:30]} Qh3 {[%emt 0:08:30]} 25. Bf3 {[%emt 0:07:19]} h4 {[%emt 0:04:30]} 26. Bg2 {[%emt 0:01:16]} Qd7 {[%emt 0:05:30]} 27. Bf3 {[%emt 0:05:18]} Nh7 {[%emt 0:01:30]} 28. Rb1 {[%emt 0:04:30]} Rxb1+ {[%emt 0:02:30]} 29. Nxb1 {[%emt 0:00:04]} Ng5 {[%emt 0:00:00]} 30. Nd2 {[%emt 0:01:06]} f5 {[%emt 0:12:00]} 31. Qd3 {[%emt 0:01:47]} f4 {[%emt 0:02:46]} 32. Bh5 {[%emt 0:00:21]} fxg3 {[%emt 0:04:05]} 33. fxg3 {[%emt 0:03:32]} hxg3 {[%emt 0:01:44]} 34. hxg3 {[%emt 0:01:58]} Nf8 {[%emt 0:00:43]} 35. Qe3 {[%emt 0:00:59]} Nfh7 {[%emt 0:02:12]} 36. Bg6 {[%emt 0:00:37]} Qg4 {[%emt 0:01:59]} 37. Bf5 {[%emt 0:01:16]} Qh5 {[%emt 0:01:01]} 38. Bxh7+ {[%emt 0:01:56]} Kxh7 {[%emt 0:01:33]} 39. Kg2 {[%emt 0:00:20]} Qh3+ {[%emt 0:00:57]} 40. Kg1 {[%emt 0:00:00]} Kg6 {[%emt 0:00:00]} 41. Nf1 {[%emt 0:07:11]} Qg4 {[%emt 0:07:30]} 42. Nd2 {[%emt 0:00:30]} Qd1+ {[%emt 0:00:30]} 43. Kg2 {[%emt 0:01:30]} Qc2 {[%emt 0:01:30]} 44. Kf1 {[%emt 0:02:30]} Qc1+ {[%emt 0:01:30]} 45. Ke2 {[%emt 0:01:30]} Kh5 {[%emt 0:02:30]} 46. Qd3 {[%emt 0:03:13]} Kg4 {[%emt 0:03:30]} 47. Nf1 {[%emt 0:02:20]} Qb2+ {[%emt 0:00:30]} 48. Ke1 {[%emt 0:01:15]} Nf3+ {[%emt 0:00:30]} 49. Kd1 {[%emt 0:00:15]} Qa1+ {[%emt 0:00:00]} 0-1

[Event "28th CRO-chT 1A-Men 2019"]
[Site "Mali Losinj"]
[Date "2019.10.05"]
[Round "8.10"]
[White "Kuljasevic, Davorin"]
[Black "Rogulj, Branko"]
[Result "1/2-1/2"]
[WhiteElo "2550"]
[BlackElo "2394"]
[Annotator "ChessBase"]
[PlyCount "51"]
[EventDate "2019.09.28"]
[EventType "team-tourn"]
[EventCountry "CRO"]
[SourceTitle "playchess.com"]
[Source "ChessBase"]
[SourceQuality "1"]
[TimeControl "40/5400+30:1800+30"]

1. d4 {[%emt 0:00:30]} Nf6 {[%emt 0:00:30]} 2. c4 {[%emt 0:00:00]} c5 {[%emt 0:00:00]} 3. d5 {[%emt 0:00:00]} e6 {[%emt 0:00:00]} 4. Nc3 {[%emt 0:00:30]} exd5 {[%emt 0:00:00]} 5. cxd5 {[%emt 0:00:00]} d6 {[%emt 0:00:00]} 6. Nf3 {[%emt 0:00:00]} g6 {[%emt 0:00:30]} 7. Bf4 {[%emt 0:00:30]} Bg7 {[%emt 0:00:30]} 8. Qa4+ {[%emt 0:00:30]} Bd7 {[%emt 0:00:30]} 9. Qb3 {[%emt 0:00:00]} Qc7 {[%emt 0:00:30]} 10. e4 {[%emt 0:01:00]} Nh5 {[%emt 0:05:30]} 11. Be3 {[%emt 0:00:30]} O-O {[%emt 0:00:30]} 12. Nd2 {[%emt 0:01:30]} a6 {[%emt 0:06:30]} 13. a4 {[%emt 0:02:30]} Be8 {[%emt 0:03:30]} 14. Be2 {[%emt 0:01:30]} f5 {[%emt 0:00:30]} 15. exf5 {[%emt 0:01:30]} gxf5 {[%emt 0:00:00]} 16. Nc4 {[%emt 0:09:30]} Nd7 {[%emt 0:08:00]} 17. O-O {[%emt 0:02:30]} f4 {[%emt 0:10:30]} 18. Bd2 {[%emt 0:00:30]} Ne5 {[%emt 0:00:30]} 19. Nxe5 {[%emt 0:04:30]} Bxe5 {[%emt 0:00:30]} 20. Ne4 {[%emt 0:07:30]} Qg7 {[%emt 0:01:30]} 21. Bf3 {[%emt 0:08:30]} Nf6 {[%emt 0:04:30]} 22. Nxf6+ {[%emt 0:05:30]} Rxf6 {[%emt 0:06:30]} 23. Bc3 {[%emt 0:00:30]} Rf5 {[%emt 0:07:30]} 24. Rfe1 {[%emt 0:02:30]} b5 {[%emt 0:03:30]} 25. axb5 {[%emt 0:05:30]} Bxb5 {[%emt 0:00:30]} 26. Bxe5 {[%emt 0:07:30]} 1/2-1/2

[Event "28th CRO-chT 1A-Men 2019"]
[Site "Mali Losinj"]
[Date "2019.10.05"]
[Round "8.11"]
[White "Vujakovic, Branko"]
[Black "Jovanic, Ognjen"]
[Result "0-1"]
[WhiteElo "2322"]
[BlackElo "2532"]
[Annotator "ChessBase"]
[PlyCount "102"]
[EventDate "2019.09.28"]
[EventType "team-tourn"]
[EventCountry "CRO"]
[SourceTitle "playchess.com"]
[Source "ChessBase"]
[SourceQuality "1"]
[TimeControl "40/5400+30:1800+30"]

1. e4 {[%emt 0:00:30]} e5 {[%emt 0:01:30]} 2. Nf3 {[%emt 0:00:00]} Nc6 {[%emt 0:00:00]} 3. Bb5 {[%emt 0:00:00]} Nf6 {[%emt 0:00:00]} 4. d4 {[%emt 0:02:30]} exd4 {[%emt 0:11:30]} 5. O-O {[%emt 0:00:30]} a6 {[%emt 0:08:30]} 6. Ba4 {[%emt 0:00:30]} Be7 {[%emt 0:01:30]} 7. e5 {[%emt 0:00:30]} Ne4 {[%emt 0:02:30]} 8. Nxd4 {[%emt 0:00:00]} O-O {[%emt 0:05:30]} 9. Nf5 {[%emt 0:03:00]} d5 {[%emt 0:00:30]} 10. Bxc6 {[%emt 0:00:30]} bxc6 {[%emt 0:00:30]} 11. Nxe7+ {[%emt 0:00:30]} Qxe7 {[%emt 0:00:30]} 12. Re1 {[%emt 0:00:00]} Re8 {[%emt 0:07:30]} 13. f3 {[%emt 0:00:00]} Nc5 {[%emt 0:01:30]} 14. b3 {[%emt 0:04:30]} Ne6 {[%emt 0:02:30]} 15. Ba3 {[%emt 0:13:30]} Qh4 {[%emt 0:03:30]} 16. Nc3 {[%emt 0:01:30]} Qd4+ {[%emt 0:17:30]} 17. Qxd4 {[%emt 0:01:30]} Nxd4 {[%emt 0:00:30]} 18. Rac1 {[%emt 0:01:30]} Bf5 {[%emt 0:00:00]} 19. Bc5 {[%emt 0:04:30]} Ne6 {[%emt 0:01:00]} 20. Bf2 {[%emt 0:06:30]} h5 {[%emt 0:00:30]} 21. h3 {[%emt 0:01:30]} g5 {[%emt 0:00:30]} 22. g4 {[%emt 0:00:30]} Bg6 {[%emt 0:00:30]} 23. h4 {[%emt 0:04:30]} Kg7 {[%emt 0:08:30]} 24. Kg2 {[%emt 0:04:30]} Rh8 {[%emt 0:01:30]} 25. Rh1 {[%emt 0:07:30]} hxg4 {[%emt 0:01:30]} 26. hxg5 {[%emt 0:04:30]} gxf3+ {[%emt 0:02:30]} 27. Kxf3 {[%emt 0:00:30]} Rxh1 {[%emt 0:00:30]} 28. Rxh1 {[%emt 0:00:30]} Bxc2 {[%emt 0:00:30]} 29. Rc1 {[%emt 0:01:30]} Bf5 {[%emt 0:03:31]} 30. Ne2 {[%emt 0:02:30]} Be4+ {[%emt 0:00:46]} 31. Kg4 {[%emt 0:01:30]} Rh8 {[%emt 0:02:40]} 32. Bg1 {[%emt 0:08:30]} Bg6 {[%emt 0:05:57]} 33. Nd4 {[%emt 0:01:30]} Rh1 {[%emt 0:00:51]} 34. Nxe6+ {[%emt 0:03:30]} fxe6 {[%emt 0:00:01]} 35. Kg3 {[%emt 0:03:30]} Bf5 {[%emt 0:00:08]} 36. Kf2 {[%emt 0:07:54]} Kg6 {[%emt 0:01:32]} 37. Rxc6 {[%emt 0:00:12]} Kxg5 {[%emt 0:00:07]} 38. Rxc7 {[%emt 0:02:26]} Kf4 {[%emt 0:00:22]} 39. Ra7 {[%emt 0:07:17]} Bd3 {[%emt 0:01:56]} 40. Rg7 {[%emt 0:00:00]} Kxe5 {[%emt 0:00:00]} 41. Ke3 {[%emt 0:03:11]} Bf5 {[%emt 0:03:39]} 42. Rg2 {[%emt 0:05:30]} d4+ {[%emt 0:00:30]} 43. Kf2 {[%emt 0:01:30]} Rh3 {[%emt 0:02:30]} 44. Ke2 {[%emt 0:00:30]} Kd5 {[%emt 0:01:30]} 45. Rg8 {[%emt 0:02:30]} e5 {[%emt 0:03:30]} 46. Kd2 {[%emt 0:00:00]} Rd3+ {[%emt 0:01:30]} 47. Ke1 {[%emt 0:01:00]} Rc3 {[%emt 0:03:30]} 48. Rd8+ {[%emt 0:01:30]} Ke4 {[%emt 0:01:30]} 49. Kd2 {[%emt 0:00:30]} Rg3 {[%emt 0:01:30]} 50. Bf2 {[%emt 0:00:30]} Rd3+ {[%emt 0:00:00]} 51. Kc2 {[%emt 0:00:00]} Rh3 {[%emt 0:03:00]} 0-1